000 00303nam a22001337a 4500
008 171010b xxu||||| |||| 00| 0 eng d
020 _a2900205578701
041 _aeng
080 _28 ED
_a316
100 _a50
101 _aSOC
245 _aESSENTIALS OF SOCIOLOGY
_cHENSLIN.J.M
942 _2udc
_cBK
999 _c32957
_d32957